THE DIARY CATHERINE COULD NOT READ/ (Record no. 213328)

MARC details
000 -LEADER
fixed length control field 00641nam a22001937a 4500
005 - DATE AND TIME OF LATEST TRANSACTION
control field 20250904123057.0
010 ## - LCCN (DPL NO)
LC control number ENG-146620
020 ## - INTERNATIONAL STANDARD BOOK NUMBER
Terms of availability 250.00
International Standard Book Number 9789391878627
035 ## - SYSTEM CONTROL NUMBER
System control number EN-130152
037 ## - SOURCE OF ACQUISITION
Source of stock number/acquisition DBAD
082 ## - DEWEY DECIMAL CLASSIFICATION NUMBER
Classification number S
100 ## - MAIN ENTRY--PERSONAL NAME
Personal name Chutia joyanti
245 ## - TITLE STATEMENT
Title THE DIARY CATHERINE COULD NOT READ/
Statement of responsibility, etc Joyanti Chutia ; Translated by Anil Kumar Boruah...[Et. al]
260 ## - PUBLICATION, DISTRIBUTION, ETC. (IMPRINT)
Place of publication, distribution, etc guwahati
Name of publisher, distributor, etc Purbanchal Prakah
Date of publication, distribution, etc 2022
270 ## - ADDRESS
City guwahati
Address H.NO.-2, Sewjee path, Dr. B. N. saikia path, Wireless
Postal code 6
300 ## - PHYSICAL DESCRIPTION
Extent 144p.
Dimensions 21cm(pbk)
700 ## - ADDED ENTRY--PERSONAL NAME
Personal name Boruah Anil Kumar; Acharya [and] Laskar Indrani
9 (RLIN) 84748
942 ## - ADDED ENTRY ELEMENTS (KOHA)
Source of classification or shelving scheme Dewey Decimal Classification
Item type English Books
Classification part S
Call number suffix CHU
Holdings
Withdrawn status Lost status Not for loan Collection code Home library Current library Date acquired Source of acquisition Cost, normal purchase price Full call number Barcode Copy number Cost, replacement price Koha item type
      Fiction Mobile Library Mobile Library 04/09/2025 DBAD 250.00 S CHU EN-130152 1 250.00 English Books

© Delhi Public Library
Hit Counter
free hit counter